000 00767cam a22002533a 4500
001 27673
003 PGUSA
005 20140828083610.0
008 081231s2008||||xxu|||||s|||||000 | eng d
040 _aPGUSA
_beng
042 _adc
050 4 _aPA
100 1 _aSophocles,
_d-496--406
245 1 0 _aOedipus King of Thebes :
_bTranslated into English Rhyming Verse with Explanatory Notes
_h[electronic resource] /
_cSophocles
260 _bProject Gutenberg,
_c2008
506 _aPublic domain in the USA.
516 _aElectronic text
653 _aOedipus (Greek mythology) -- Drama
653 _aTragedies
700 1 _aMurray, Gilbert,
_d1866-1957
830 0 _aProject Gutenberg
_v27673
856 4 0 _uhttp://www.gutenberg.org/ebooks/27673
942 _cEB
999 _c256928
_d256928